|
|
|
|
| LEADER |
00000ny a22000003n 4500 |
| 005 |
20110511120733.0 |
| 007 |
cr|||||||||||| |
| 008 |
091218s us 000 eng d |
| 022 |
|
|
|a 0015-3915
|
| 035 |
|
|
|a 2918
|
| 040 |
|
|
|a BUS
|d vLex
|
| 090 |
|
|
|c 1642
|d 1642
|
| 245 |
0 |
0 |
|a Florida Bar journal
|h [Recurso electrn̤ico]
|
| 256 |
|
|
|a Servicio en ln̕ea
|
| 260 |
|
|
|a Tallahassee, Fla. :
|b The Florida Bar
|
| 310 |
|
|
|a Mensual
|
| 506 |
1 |
|
|a Contenido solo disponible en los productos indicados
|d vLex Global
|d vLex Global (Academic Edition, excluding Law Schools)
|d vLex Global (Academic Edition, Law Schools)
|
| 650 |
0 |
4 |
|a Derecho
|z Estados Unidos
|x Publicaciones periodicas
|
| 650 |
0 |
4 |
|a Law
|
| 730 |
0 |
|
|a LegalTrac
|
| 740 |
0 |
|
|a vLex Revista (Servicios en ln̕ea)
|
| 843 |
|
|
|a Electrn̤ica. Abierta
|
| 853 |
|
|
|8 1
|i (year)
|j (month)
|k (day)
|
| 856 |
4 |
0 |
|u http://vlex.com/source/2918
|z Acceso restringido
|
| 942 |
|
|
|c REV
|
| 999 |
|
4 |
|a Revistes electrṇiques
|
| 999 |
|
4 |
|a Dret
|z Florida (Estats Units d'Amr̈ica)
|